| 000 | 01396cam a2200385 i 4500 | ||
|---|---|---|---|
| 001 | xx001422564 | ||
| 003 | NUKAT | ||
| 005 | 20260427223758.0 | ||
| 008 | 090924s1931 pl g 2 |000 0 pol c | ||
| 035 | _a(OCoLC)750491657 | ||
| 035 | _a(NUKAT)xx001422564 | ||
| 040 |
_aWA U/RB _bpol _erda _cWA U/RB _dWA U/EBA _dWA U/JKs _dOLSZT 008/AL |
||
| 100 | 1 |
_aAdamus, Jan _d(1896-1962). _eAutor _98258 |
|
| 245 | 1 | 0 |
_aPrzegląd źródeł polskiego prawa wojskowego, obowiązującego za czasów Księstwa Warszawskiego, Królestwa Polskiego i Powstania Listopadowego / _cJan Adamus. |
| 260 |
_aWarszawa : _b[wydawca nieznany], _c1931. |
||
| 300 |
_a21 stron ; _c24 cm. |
||
| 336 |
_aTekst _btxt _2rdacontent |
||
| 337 |
_aBez urządzenia pośredniczącego _bn _2rdamedia |
||
| 338 |
_aWolumin _bnc _2rdacarrier |
||
| 380 | _aKsiążki | ||
| 380 | _aPublikacje naukowe | ||
| 500 | _aOdbitka z: Wojskowy Przegląd Prawniczy, R. 4, nr 4. | ||
| 500 | _aTytuł nagłówkowy. | ||
| 510 | 4 |
_aBP 1901-1939, _cpoz. 1024 |
|
| 648 | 7 |
_a1701-1800 _2DBN _936035 |
|
| 648 | 7 |
_a1801-1900 _2DBN _936037 |
|
| 648 | 7 |
_a1901-2000 _2DBN _934996 |
|
| 650 | 7 |
_aPrawo wojskowe _2DBN _940722 |
|
| 650 | 7 |
_aPrawo wojskowe _zPolska _y19 w. _2kaba _940723 |
|
| 651 | 7 |
_aPolska _2DBN _935076 |
|
| 655 | 7 |
_aNadbitki i odbitki _2DBN _938727 |
|
| 658 | _aHistoria | ||
| 658 | _aPrawo i wymiar sprawiedliwości | ||
| 942 |
_2ddc _cBK_NM |
||
| 999 |
_c27822 _d27822 |
||